MARC детайли
| 000 -Лидер |
| Контролно поле с фиксирана дължина |
02732nam a2200457 c 4500 |
| 003 - Код на организацията, давaща контролен номер |
| Контролно поле |
BLK |
| 005 - Дата и час на последна редакция |
| Контролно поле |
20240308131253.0 |
| 008 - Елементи от данни с фиксирана дължина |
| fixed length control field |
180408b bul|||||r ||||||| ||bul|| |
| 010 ## - Наследен системен номер |
| LC control number |
KNG00093838000 |
| 020 ## - Международен стандартен номер на книга ISBN |
| Международен стандартен номер на книга ISBN |
954-07-2065-6 |
| -- |
издат.: Унив. изд. Св. Климент Охридски - на том(т. 1) |
| 040 ## - Източник на каталожния запис |
| Идентификатор на билиотеката - собственик на записа |
BLK |
| 041 ## - Код за език |
| Код за езика на текст/звукозапис или на отделно заглавие |
Български |
| Код за езика КДБФ |
Български |
| 080 ## - УДК |
| Текстов определител УДК |
Трудово право. Вж и 331 |
| УДК код - определител по УДК |
349.2 |
| УДК определител |
(082) |
| УДК - код + определител |
349.2(082) |
| 080 ## - УДК |
| Текстов определител УДК |
Осигурително и застрахователно право |
| УДК код - определител по УДК |
349.3:368 |
| УДК определител |
(082) |
| УДК - код + определител |
349.3:368(082) |
| 080 ## - УДК |
| Текстов определител УДК |
Право |
| УДК код - определител по УДК |
34 |
| УДК определител |
(497.2)(092) |
| УДК - код + определител |
34(497.2)(092) |
| 080 ## - УДК |
| Текстов определител УДК |
|
| УДК код - определител по УДК |
929 Христова, Елисавета Кирилова |
| УДК определител |
|
| УДК - код + определител |
929 Христова, Елисавета Кирилова |
| 139 ## - Редно поле |
| Редна дума |
Актуални проблеми на трудовото и осигурителното право |
| Авторски знак |
Акт - А 45 |
| 245 10 - Сведения за заглавието |
| Заглавие |
Актуални проблеми на трудовото и осигурителното право |
| Подзаглавни данни |
Т. 1 - |
| Редно поле (дума) |
състав. и ред. Красимира Средкова; състав. и ред. на том Красимира Средкова. |
| Том |
Т. 1 |
| Заглавие на том |
В памет на доц. Елисавета Христова |
| 257 ## - Страна на издаване |
| Страна на създаване/издаване |
България |
| 260 ## - Област на издателските данни |
| -- |
София |
| Година на издаване |
2004 - |
| 300 ## - Физическа характеристика |
| Размери/Мащаб |
24 см |
| 380 ## - Жанр |
| Жанр |
Обществени науки |
| 500 ## - Общи забележки |
| Забележка |
Други ред. : В. Ангушева, Н. Гевренова ; Пълното име на първата ред. е Красимира Средкова Иванова. |
| 600 14 - Име на лице, използвано като предмет |
| За него / За нея |
Христова, Елисавета Кирилова |
| 9 (RLIN) |
303484 |
| 650 #7 - Допълнително описание по предмет – тема |
| Основно описание – тема или топоним |
Трудово право |
| Източник на редна или ключова дума |
|
| 9 (RLIN) |
174144 |
| 650 #4 - Допълнително описание по предмет – тема |
| Основно описание – тема или топоним |
Осигурително право |
| 9 (RLIN) |
264693 |
| 650 #4 - Допълнително описание по предмет – тема |
| Основно описание – тема или топоним |
Прависти, български |
| 9 (RLIN) |
275976 |
| 653 ## - Ключова дума – ненормативна |
| Ключова дума |
трудово право |
| 653 ## - Ключова дума – ненормативна |
| Ключова дума |
осигурително право |
| 653 ## - Ключова дума – ненормативна |
| Ключова дума |
български прависти |
| 653 ## - Ключова дума – ненормативна |
| Ключова дума |
Елисавета Христова |
| 700 1# - Други автори (авторска отговорност) |
| Лично име |
Средкова, Красимира |
| Автороска отговорност (Описва отношението между автора и произведението) |
състав. и ред. |
| 9 (RLIN) |
370392 |
| 700 1# - Други автори (авторска отговорност) |
| Лично име |
Средкова, Красимира |
| Автороска отговорност (Описва отношението между автора и произведението) |
състав. и ред. на том |
| 9 (RLIN) |
370392 |
| 760 1# - Описание на основната серия |
| -- |
- на том(т. 1) |
| Място на издаване, издател и година |
Унив. изд. Св. Климент Охридски, 2004 |
| Страници - том |
264 с. |
| Забележка - том |
Съдържа и Библиогр. на трудовете на доц. Елисавета Христова ; Биогр. сведения за Ел. Христова ; Рез. на англ., рус. ез. |
| Заглавие |
Т. 1 В памет на доц. Елисавета Христова |
| 852 ## - Местоположение |
| Форматна сигнатура |
Цб 246779 |
| 856 4# - Електронен адрес и достъп |
| Електронен формат |
pdf - файл |
| Път до файла /url/ |
|
| 856 4# - Електронен адрес и достъп |
| Електронен формат |
pdf - файл |
| Път до файла /url/ |
|
| 942 ## - АРТИКУЛИ |
| Вид на библиотечния материал |
Книги |
| Скрит в OPAC |
Не |
| Koha issues (borrowed), all copies |
6 |
| 944 ## - СЪЗДАВАНЕ И РЕДАКЦИЯ на ЗАПИСА |
| Създаване/Редакция |
Създаване |
| Дата на регистрацията/редакция |
25.01.2010 |
| Статус, дата на статуса |
Геновева Генчева |
| Служител, извършил регистрацията/редакцията |
30560 |
| 944 ## - СЪЗДАВАНЕ И РЕДАКЦИЯ на ЗАПИСА |
| Създаване/Редакция |
Редакция |
| Дата на регистрацията/редакция |
03.02.2010 |
| Статус, дата на статуса |
ф / |
| Служител, извършил регистрацията/редакцията |
|
| 999 ## - СИСТЕМНИ КОНТРОЛНИ НОМЕРА |
| Koha biblionumber |
89144 |
| Koha biblioitemnumber |
89144 |